The noble scholar, jurist, historian


 His Excellency Dr. Abdul Wahhab bin Ibrahim Abu Sulaiman, may Allah have mercy on him.


 He was born in Umm Al-Qura in the year 1356 AH.

الاستغراب : (Record no. 13703)

MARC details
000 -LEADER
fixed length control field 01062cam a22002771i 4500
003 - CONTROL NUMBER IDENTIFIER
control field SA-RiAUC
005 - DATE AND TIME OF LATEST TRANSACTION
control field 20251225131937.0
008 - FIXED-LENGTH DATA ELEMENTS--GENERAL INFORMATION
fixed length control field 251224s2015____su g 000 0 ara c
020 ## - INTERNATIONAL STANDARD BOOK NUMBER
International Standard Book Number 9786038168172
040 ## - CATALOGING SOURCE
Original cataloging agency SA-RiKAPL
Language of cataloging ara
Transcribing agency SA-RiAUC
Description conventions rda
082 04 - DEWEY DECIMAL CLASSIFICATION NUMBER
Classification number 214.00091821
Assigning agency SA-RiAUC
090 ## - LOCALLY ASSIGNED LC-TYPE CALL NUMBER (OCLC); LOCAL CALL NUMBER (RLIN)
Classification number (OCLC) (R) ; Classification number, CALL (RLIN) (NR) 214.00091821
Local cutter number (OCLC) ; Book number/undivided call number, CALL (RLIN) ن م ل
100 1# - MAIN ENTRY--PERSONAL NAME
Personal name النملة، علي بن إبراهيم بن حمد،
Dates associated with a name 1372 هجري-
Relator term مؤلف.
245 12 - TITLE STATEMENT
Title الاستغراب :
Remainder of title المنهج في فهمنا الغرب : رؤية تأصيلية /
Statement of responsibility, etc. علي إبراهيم النملة.
264 #1 - PRODUCTION, PUBLICATION, DISTRIBUTION, MANUFACTURE, AND COPYRIGHT NOTICE
Place of production, publication, distribution, manufacture الرياض :
Name of producer, publisher, distributor, manufacturer المجلة العربية،
Date of production, publication, distribution, manufacture, or copyright notice [2015]
300 ## - PHYSICAL DESCRIPTION
Extent 91 صفحة ؛
Dimensions 18 سم.
336 ## - CONTENT TYPE
Content type term نص
Content type code txt
Source rdacontent
Materials specified كتاب
337 ## - MEDIA TYPE
Media type term بدون وسيط
Media type code n
Source rdamedia
338 ## - CARRIER TYPE
Carrier type term مجلد
Carrier type code nc
Source rdacarrier
490 1# - SERIES STATEMENT
Series statement المجلة العربية ؛
Volume/sequential designation 223
590 ## - LOCAL NOTE (RLIN)
Local note Foire 99.
650 #7 - SUBJECT ADDED ENTRY--TOPICAL TERM
Topical term or geographic name entry element الإسلام والغرب
Source of heading or term aucsh
830 #2 - SERIES ADDED ENTRY--UNIFORM TITLE
Uniform title المجلة العربية
Volume/sequential designation 223
942 ## - ADDED ENTRY ELEMENTS (KOHA)
Source of classification or shelving scheme Dewey Decimal Classification
Koha item type Books
Suppress in OPAC No
949 ## - LOCAL PROCESSING INFORMATION (OCLC)
a SA-JeALM
d 251224
u mohamedma123
n 1
Holdings
Withdrawn status Lost status Source of classification or shelving scheme Damaged status Not for loan Home library Current library Date acquired Total checkouts Full call number Barcode Date last seen Price effective from Koha item type
    Dewey Decimal Classification     DR AbdElwahab Library DR AbdElwahab Library 12/25/2025   214.00091821 ن م ل 000021976 12/25/2025 12/25/2025 Books
    Dewey Decimal Classification     DR AbdElwahab Library DR AbdElwahab Library 12/30/2025   214.00091821 ن م ل 000022198 12/30/2025 12/30/2025 Books
    Dewey Decimal Classification     DR AbdElwahab Library DR AbdElwahab Library 12/30/2025   214.00091821 ن م ل 000022126 12/30/2025 12/30/2025 Books